| 000 | 00391pab a2200157 454500 | ||
|---|---|---|---|
| 008 | 180718b2015 xxu||||| |||| 00| 0 eng d | ||
| 100 | _aMayet, Mariam | ||
| 245 | _aSeed sovereignty in Africa: challenges and opportunities | ||
| 260 | _c2015 | ||
| 300 | _ap.299-305. | ||
| 650 | _aGreen revolution | ||
| 650 | _aFarmers | ||
| 650 | _aSeeds | ||
| 773 | _aDevelopment | ||
| 909 | _a114687 | ||
| 999 |
_c114681 _d114681 |
||